000 00280 a2200145 4500
001 60473
020 _a
040 _cAnchieta - Pituba
240 1 0 _aA nossa fé
_lpor
245 1 0 _aA nossa fé
300 _a65
362 0 _a1984
650 4 _aSalvação, graça
942 _cBK
999 _c60473
_d60473